|
|
|
|
| LEADER |
06977nam a22005295i 4500 |
| 001 |
45131 |
| 003 |
BD-DhAAL |
| 005 |
20251207101817.0 |
| 008 |
251204t2024 njua 001 0 eng d |
| 010 |
|
|
|a 2024934291
|
| 020 |
|
|
|a 9780138229634
|
| 020 |
|
|
|a 0138229635
|
| 020 |
|
|
|z 9780138229702
|
| 035 |
|
|
|a 23605386
|
| 040 |
|
|
|a DLC
|b eng
|e rda
|c DLC
|d BD-DhAAL
|
| 042 |
|
|
|a pcc
|
| 082 |
0 |
0 |
|a 004.6076
|2 23
|
| 100 |
1 |
|
|a Odom, Wendell,
|e author.
|
| 245 |
1 |
0 |
|a CCNA 200-301.
|p Official cert guide.
|n Volume 1 /
|c Wendell Odom.
|
| 250 |
|
|
|a Second edition.
|
| 260 |
|
|
|a Hoboken, New Jersey :
|b Cisco Press,
|c c2024.
|
| 300 |
|
|
|a lv, 884 pages :
|b illustrations ;
|c 23 cm
|
| 362 |
1 |
|
|a Vol. 1
|
| 490 |
1 |
|
|a Official cert guide
|
| 520 |
|
|
|a "CCNA 200-301 Official Cert Guide, Volume 1 from Cisco Press enables you to succeed on the exam the first time and is the only self-study resource approved by Cisco. Best-selling author Wendell Odom shares preparation hints and test-taking tips, helping you identify areas of weakness and improve both your conceptual knowledge and hands-on skills. This official study guide helps you master all the topics on the CCNA 200-301 exam, including Networking fundamentals Implementing Ethernet LANs Implementing VLANs and STP IPv4 addressing and subnetting IPv4 routing Implementing OSPF"--
|
| 526 |
8 |
|
|a CSE
|x Annajiat Alim Rasel
Senior Lecturer
Department of Computer Science and Engineering
BRAC University
Course Name :Computer Networks (CSE 421) ; Computer Networks (EEE 465) ; Computer Networks Laboratory (EEE 466)
|
| 541 |
1 |
|
|a Hye Trade International
|e 45131, 45132, 45133, 45134, 45135, 45136, 45137, 45138, 45139, 45140
|
| 650 |
|
0 |
|a Computer networks
|x Examinations
|v Study guides.
|
| 650 |
|
0 |
|a Internetworking (Telecommunication)
|x Examinations
|v Study guides.
|9 40918
|
| 650 |
|
0 |
|a Electronic data processing personnel
|x Certification.
|
| 650 |
|
0 |
|a Computer networks
|x Management
|x Examinations
|v Study guides.
|
| 650 |
|
0 |
|a Computer security
|x Examinations
|v Study guides.
|
| 650 |
|
0 |
|a Computer science.
|
| 830 |
|
0 |
|a Official cert guide
|
| 852 |
|
|
|a Ayesha Abed Library
|c General Stacks
|
| 942 |
|
|
|2 ddc
|c BK
|
| 999 |
|
|
|c 47448
|d 47448
|
| 952 |
|
|
|0 0
|1 0
|2 ddc
|4 0
|6 004_607600000000000_ODO
|7 0
|9 78547
|a BRACUL
|b BRACUL
|c CIR
|d 2025-11-26
|e Hye Trade International
|g 5643.00
|l 0
|o 004.6076 ODO
|p 3010045133
|r 2025-11-26
|t 3
|v 11286.00
|w 2025-11-26
|y 1HOUR
|x Requisitioned by Annajiat Alim Rasel (Senior Lecturer, Department of Computer Science and Engineering, BRAC University) for the course named- 'Computer Networks (CSE 421), Computer Networks (EEE 465), and Computer Networks Laboratory (EEE 466) ; As instructed by the University Librarian, the book has been placed on a one hour loan period following the receipt of ten copies.
|
| 952 |
|
|
|0 0
|1 0
|2 ddc
|4 0
|6 004_607600000000000_ODO
|7 0
|9 78548
|a BRACUL
|b BRACUL
|c GEN
|d 2025-11-26
|e Hye Trade International
|g 5643.00
|l 0
|o 004.6076 ODO
|p 3010045134
|r 2025-11-26
|t 4
|v 11286.00
|w 2025-11-26
|y BK
|x Requisitioned by Annajiat Alim Rasel (Senior Lecturer, Department of Computer Science and Engineering, BRAC University) for the course named- 'Computer Networks (CSE 421), Computer Networks (EEE 465), and Computer Networks Laboratory (EEE 466).
|
| 952 |
|
|
|0 0
|1 0
|2 ddc
|4 0
|6 004_607600000000000_ODO
|7 0
|9 78549
|a BRACUL
|b BRACUL
|c NEW
|d 2025-11-26
|e Hye Trade International
|g 5643.00
|l 1
|m 4
|o 004.6076 ODO
|p 3010045131
|q 2026-03-15
|r 2026-02-15
|s 2026-02-15
|t 1
|v 11286.00
|w 2025-11-26
|y BK
|x Requisitioned by Annajiat Alim Rasel (Senior Lecturer, Department of Computer Science and Engineering, BRAC University) for the course named- 'Computer Networks (CSE 421), Computer Networks (EEE 465), and Computer Networks Laboratory (EEE 466).
|
| 952 |
|
|
|0 0
|1 0
|2 ddc
|4 0
|6 004_607600000000000_ODO
|7 0
|9 78550
|a BRACUL
|b BRACUL
|c GEN
|d 2025-11-26
|e Hye Trade International
|g 5643.00
|l 1
|m 11
|o 004.6076 ODO
|p 3010045135
|r 2026-02-22
|s 2026-01-06
|t 5
|v 11286.00
|w 2025-11-26
|y BK
|x Requisitioned by Annajiat Alim Rasel (Senior Lecturer, Department of Computer Science and Engineering, BRAC University) for the course named- 'Computer Networks (CSE 421), Computer Networks (EEE 465), and Computer Networks Laboratory (EEE 466).
|
| 952 |
|
|
|0 0
|1 0
|2 ddc
|4 0
|6 004_607600000000000_ODO
|7 0
|9 78551
|a BRACUL
|b BRACUL
|c CIR
|d 2025-11-26
|e Hye Trade International
|g 5643.00
|l 1
|o 004.6076 ODO
|p 3010045132
|r 2026-04-26
|s 2026-04-26
|t 2
|v 11286.00
|w 2025-11-26
|y 1HOUR
|x Requisitioned by Annajiat Alim Rasel (Senior Lecturer, Department of Computer Science and Engineering, BRAC University) for the course named- 'Computer Networks (CSE 421), Computer Networks (EEE 465), and Computer Networks Laboratory (EEE 466) ; As instructed by the University Librarian, the book has been placed on a one hour loan period following the receipt of ten copies.
|
| 952 |
|
|
|0 0
|1 0
|2 ddc
|4 0
|6 004_607600000000000_ODO
|7 0
|9 78575
|a BRACUL
|b BRACUL
|c GEN
|d 2025-12-02
|e Hye Trade International
|g 3950.00
|l 0
|o 004.6076 ODO
|p 3010045139
|r 2025-12-02
|t 9
|v 7900.00
|w 2025-12-02
|y BK
|x Requisitioned by Annajiat Alim Rasel (Senior Lecturer, Department of Computer Science and Engineering, BRAC University) for the course named- 'Computer Networks (CSE 421), Computer Networks (EEE 465), and Computer Networks Laboratory (EEE 466).
|
| 952 |
|
|
|0 0
|1 0
|2 ddc
|4 0
|6 004_607600000000000_ODO
|7 0
|9 78576
|a BRACUL
|b BRACUL
|c GEN
|d 2025-12-02
|e Hye Trade International
|g 3950.00
|l 0
|o 004.6076 ODO
|p 3010045136
|r 2025-12-02
|t 6
|v 7900.00
|w 2025-12-02
|y BK
|x Requisitioned by Annajiat Alim Rasel (Senior Lecturer, Department of Computer Science and Engineering, BRAC University) for the course named- 'Computer Networks (CSE 421), Computer Networks (EEE 465), and Computer Networks Laboratory (EEE 466).
|
| 952 |
|
|
|0 0
|1 0
|2 ddc
|4 0
|6 004_607600000000000_ODO
|7 0
|9 78577
|a BRACUL
|b BRACUL
|c GEN
|d 2025-12-02
|e Hye Trade International
|g 3950.00
|l 0
|o 004.6076 ODO
|p 3010045138
|r 2025-12-02
|t 8
|v 7900.00
|w 2025-12-02
|y BK
|x Requisitioned by Annajiat Alim Rasel (Senior Lecturer, Department of Computer Science and Engineering, BRAC University) for the course named- 'Computer Networks (CSE 421), Computer Networks (EEE 465), and Computer Networks Laboratory (EEE 466).
|
| 952 |
|
|
|0 0
|1 0
|2 ddc
|4 0
|6 004_607600000000000_ODO
|7 0
|9 78578
|a BRACUL
|b BRACUL
|c GEN
|d 2025-12-02
|e Hye Trade International
|g 3950.00
|l 0
|o 004.6076 ODO
|p 3010045140
|r 2025-12-02
|t 10
|v 7900.00
|w 2025-12-02
|y BK
|x Requisitioned by Annajiat Alim Rasel (Senior Lecturer, Department of Computer Science and Engineering, BRAC University) for the course named- 'Computer Networks (CSE 421), Computer Networks (EEE 465), and Computer Networks Laboratory (EEE 466).
|
| 952 |
|
|
|0 0
|1 0
|2 ddc
|4 0
|6 004_607600000000000_ODO
|7 0
|9 78579
|a BRACUL
|b BRACUL
|c GEN
|d 2025-12-02
|e Hye Trade International
|g 3950.00
|l 0
|o 004.6076 ODO
|p 3010045137
|r 2025-12-02
|t 7
|v 7900.00
|w 2025-12-02
|y BK
|x Requisitioned by Annajiat Alim Rasel (Senior Lecturer, Department of Computer Science and Engineering, BRAC University) for the course named- 'Computer Networks (CSE 421), Computer Networks (EEE 465), and Computer Networks Laboratory (EEE 466).
|